[Event "HUN-ch Rapid"]
[Site "Ajka"]
[Date "2022.07.17"]
[Round "12"]
[White "Dobos, Jozsef"]
[Black "Molnar, Aurel Jr"]
[Result "0-1"]
[WhiteElo "2244"]
[BlackElo "2014"]
[PlyCount "52"]
[EventDate "2022.07.15"]
[EventType "swiss (rapid)"]
[EventRounds "13"]
[EventCountry "HUN"]
[SourceTitle "CBM 209 Extra"]
[Source "ChessBase"]
[SourceDate "2022.09.30"]
[SourceVersion "1"]
[SourceVersionDate "2022.09.30"]
[SourceQuality "1"]

1. a3 d5 2. g3 g6 3. Bg2 Bg7 4. f4 Nf6 5. Nf3 0-0 6. 0-0 c5 7. d3 Nc6 8. Nc3 d4 9. Ne4 Nxe4 10. dxe4 e5 11. f5 gxf5 12. Nh4 f4 13. Nf5 Bxf5 14. exf5 Re8 15. Be4 Kh8 16. Qd3 Qf6 17. Rf3 Bh6 18. Bd2 Rg8 19. Kh1 fxg3 20. hxg3 Bxd2 21. Qxd2 Rg4 22. Bxc6 Qxc6 23. Kh2 e4 24. Rb3 e3 25. Qe1 Rag8 26. f6 Rh4+ 0-1

[Event "HUN-ch Rapid"]
[Site "Ajka"]
[Date "2022.07.15"]
[Round "2"]
[White "Lakos, Nikoletta"]
[Black "Molnar, Aurel Jr"]
[Result "0-1"]
[WhiteElo "2203"]
[BlackElo "2014"]
[PlyCount "49"]
[EventDate "2022.07.15"]
[EventType "swiss (rapid)"]
[EventRounds "13"]
[EventCountry "HUN"]
[SourceTitle "CBM 209 Extra"]
[Source "ChessBase"]
[SourceDate "2022.09.30"]
[SourceVersion "1"]
[SourceVersionDate "2022.09.30"]
[SourceQuality "1"]

1. e4 c5 2. Nf3 e6 3. b3 Nc6 4. Bb2 b6 5. g3 d5 6. Bb5 Bd7 7. exd5 exd5 8. 0-0 Nf6 9. d4 cxd4 10. Re1+ Ne7 11. Nxd4 a6 12. Nc6 Qc7 13. Nxe7 Bxe7 14. Ba3 axb5 15. Rxe7+ Kd8 16. Rxf7 Qe5 17. c3 Re8 18. Bb2 Bh3 19. Nd2 Rxa2 20. Nf3 Rxa1 21. Qxa1 Qe4 22. Qa8+ Bc8 23. Kg2 Qe6 24. Rxg7 Ne4 25. c4 0-1

[Event "Zalakaros Barczay Memorial 40th"]
[Site "Zalakaros"]
[Date "2021.09.05"]
[Round "1"]
[White "Molnar, Aurel Jr"]
[Black "Horvath, Adam"]
[Result "0-1"]
[WhiteElo "1979"]
[BlackElo "2501"]
[PlyCount "52"]
[EventDate "2021.09.05"]
[EventType "swiss"]
[EventRounds "9"]
[EventCountry "HUN"]
[SourceTitle "CBM 204 Extra"]
[Source "ChessBase"]
[SourceDate "2021.11.30"]
[SourceVersion "1"]
[SourceVersionDate "2021.11.30"]
[SourceQuality "1"]

1. e4 c5 2. Nf3 e6 3. d4 cxd4 4. Nxd4 Nc6 5. Nb5 d6 6. c4 Nf6 7. N1c3 a6 8. Nd4 Be7 9. Be2 0-0 10. 0-0 Bd7 11. Be3 Qb8 12. a4 Rc8 13. f3 Na5 14. b3 d5 15. exd5 e5 16. Nc2 Nxb3 17. Rb1 Na5 18. Qd2 Nxc4 19. Bxc4 Rxc4 20. Rfc1 Qc7 21. Ne1 Ba3 22. Rc2 Rc8 23. Rb3 Bd6 24. Nd3 Bxa4 25. Nxa4 Rxc2 26. Qe1 Rxg2+ 0-1

[Event "HUN-ch U18"]
[Site "Eger"]
[Date "2021.08.24"]
[Round "3"]
[White "Papp, Bence"]
[Black "Molnar, Aurel Jr"]
[Result "1-0"]
[WhiteElo "2121"]
[BlackElo "1997"]
[PlyCount "61"]
[EventDate "2021.08.20"]
[EventType "swiss"]
[EventRounds "7"]
[EventCountry "HUN"]
[SourceTitle "EXT 2022"]
[Source "ChessBase"]
[SourceDate "2021.10.06"]
[SourceVersion "1"]
[SourceVersionDate "2021.10.06"]
[SourceQuality "1"]

1. e4 c5 2. Nf3 e6 3. d4 cxd4 4. Nxd4 Nf6 5. Nc3 d6 6. g4 h6 7. h4 Nc6 8. Rg1 h5 9. gxh5 Nxh5 10. Bg5 Qb6 11. Be3 Qc7 12. Qd2 a6 13. 0-0-0 Bd7 14. Kb1 Na5 15. Nb3 Nxb3 16. axb3 b5 17. f4 Bc6 18. Qd4 0-0-0 19. f5 e5 20. Qd2 Nf6 21. Nd5 Bxd5 22. exd5 Rh7 23. c4 Qb7 24. cxb5 axb5 25. Rc1+ Kd7 26. Qa5 Rb8 27. Ba7 Nxd5 28. Bxb8 Qxb8 29. Bxb5+ Ke7 30. Ba6 Rxh4 31. Qxd5 1-0